<?xml version="1.0" encoding="UTF-8"?>
<record
    xmlns:xsi="http://www.w3.org/2001/XMLSchema-instance"
    xsi:schemaLocation="http://www.loc.gov/MARC21/slim http://www.loc.gov/standards/marcxml/schema/MARC21slim.xsd"
    xmlns="http://www.loc.gov/MARC21/slim">

  <leader>00345    a2200109   4500</leader>
  <controlfield tag="001">ART_9305</controlfield>
  <controlfield tag="005">20260410161643.0</controlfield>
  <controlfield tag="008">260409a                                 </controlfield>
  <datafield tag="245" ind1="1" ind2="0">
    <subfield code="a">Operaciones en moneda extranjera. Sus implicancias impositivas</subfield>
  </datafield>
  <datafield tag="100" ind1="1" ind2=" ">
    <subfield code="a">Perelli, Eduardo</subfield>
  </datafield>
  <datafield tag="773" ind1="0" ind2=" ">
    <subfield code="t">Consultor tributario</subfield>
    <subfield code="g">- A&#xF1;o 6, N&#xBA; 67 (sep. 2012)</subfield>
    <subfield code="w">REV474</subfield>
  </datafield>
  <datafield tag="999" ind1=" " ind2=" ">
    <subfield code="c">13497</subfield>
    <subfield code="d">13497</subfield>
  </datafield>
</record>
